<?xml version="1.0" encoding="UTF-8"?>
<record
    xmlns:xsi="http://www.w3.org/2001/XMLSchema-instance"
    xsi:schemaLocation="http://www.loc.gov/MARC21/slim http://www.loc.gov/standards/marcxml/schema/MARC21slim.xsd"
    xmlns="http://www.loc.gov/MARC21/slim">

  <leader>00515nam a2200193Ia 4500</leader>
  <datafield tag="999" ind1=" " ind2=" ">
    <subfield code="c">7781</subfield>
    <subfield code="d">7781</subfield>
  </datafield>
  <controlfield tag="001">6168</controlfield>
  <controlfield tag="003">PK-LaUMT</controlfield>
  <controlfield tag="005">20221228143151.0</controlfield>
  <controlfield tag="008">140320s9999    xx            000 0 und d</controlfield>
  <datafield tag="020" ind1=" " ind2=" ">
    <subfield code="a">0-7494-0153-2</subfield>
  </datafield>
  <datafield tag="040" ind1=" " ind2=" ">
    <subfield code="c">PK-LaUMT</subfield>
  </datafield>
  <datafield tag="082" ind1=" " ind2=" ">
    <subfield code="a"> 658.409</subfield>
    <subfield code="b">ALL-M</subfield>
  </datafield>
  <datafield tag="100" ind1=" " ind2=" ">
    <subfield code="a">Allen, Madelyn Burley</subfield>
  </datafield>
  <datafield tag="245" ind1=" " ind2=" ">
    <subfield code="a">Memory skills in business : Basic techniques for improvement</subfield>
    <subfield code="c">Allen, Madelyn Burley</subfield>
  </datafield>
  <datafield tag="260" ind1=" " ind2=" ">
    <subfield code="a">London,UK:</subfield>
    <subfield code="b">Kogan Page,</subfield>
    <subfield code="c">1988.</subfield>
  </datafield>
  <datafield tag="300" ind1=" " ind2=" ">
    <subfield code="a">77 p.</subfield>
  </datafield>
  <datafield tag="546" ind1=" " ind2=" ">
    <subfield code="a">EN</subfield>
  </datafield>
  <datafield tag="942" ind1=" " ind2=" ">
    <subfield code="c">STK1999</subfield>
    <subfield code="2">ddc</subfield>
  </datafield>
  <datafield tag="952" ind1=" " ind2=" ">
    <subfield code="0">0</subfield>
    <subfield code="1">0</subfield>
    <subfield code="4">0</subfield>
    <subfield code="7">0</subfield>
    <subfield code="a">01</subfield>
    <subfield code="b">01</subfield>
    <subfield code="d">2014-03-20</subfield>
    <subfield code="l">0</subfield>
    <subfield code="o"> 658.409 ALL-M</subfield>
    <subfield code="p">6409</subfield>
    <subfield code="r">2014-03-20 00:00:00</subfield>
    <subfield code="w">2014-03-20</subfield>
    <subfield code="y">BK</subfield>
  </datafield>
</record>
